000 01204nam a2200373 i 4500
001 1438
003 KOSZ 005
005 20230213141833.0
008 000320s1980 pl a f f |000 0 pol
015 _aPB 1980/2369
020 _a8301008660
035 _a(OCoLC)830949664
040 _aWA N
_cWA N
_dKOSZ 005/HR
041 0 _apol
046 _k1980
080 _a697
080 _a(075.8)
100 1 _aMalicki, Maksymilian
_d(1900-1978)
_eAutor
245 1 0 _aWentylacja i klimatyzacja :
_b[skrypt dla studentów wyższych szkół technicznych] /
_cMaksymilian Malicki.
250 _aWyd. 3.
260 _aWarszawa :
_bPańst. Wydaw. Naukowe,
_c1980.
300 _a607, [1] s., [2] k. tabl. :
_bil., mapy, tab., wykr. ;
_c24 cm.
380 _aKsiążki.
380 _aPublikacje dydaktyczne
385 _mPoziom nauczania
_aSzkoły wyższe
388 _a1901-2000
504 _aBibliogr. s. 605-[608].
658 _aInżynieria i technika
655 4 _aPodręczniki akademickie
650 4 _aKlimatyzacja
650 4 _aWentylacja
856 _uhttp://koha.tu.koszalin.pl/cgi-bin/koha/opac-detail.pl?biblionumber=1438
_yKatalog online BPK
942 _2UKD
_cKS
999 _c1438
_d1438